| 000 | 00944nam a2200265 a 4500 | ||
|---|---|---|---|
| 001 | 42140 | ||
| 003 | BD-RjUL | ||
| 005 | 20211209053511.0 | ||
| 008 | 160609s1952 ii b 001 0 eng d | ||
| 035 | _a(BD-RjUL)42258 | ||
| 040 |
_aEYM _cEYM _dZCU _dBD-RjUL _beng |
||
| 041 | _aeng | ||
| 082 |
_223 _a327.54 _bKAI 1952 |
||
| 100 | 1 |
_aKarunakaran, K. P. _9129578 |
|
| 245 | 1 | 0 |
_aIndia in world affairs August 1947-January 1950 : _ba review of India's foreign relations from Independence Day to Republic Day / _cby K. P. Karunakaran |
| 260 |
_aCalcutta ; _aNew York : _bGeoffrey Cumberlege, Oxford University Press, _c1952. |
||
| 300 |
_axi, 407 p. ; _c22 cm. |
||
| 490 | 1 | _aIndian in World Affairs. | |
| 500 | _aIncludes index. | ||
| 504 | _aBibliography: p.(389-400). | ||
| 651 | 0 |
_aIndia _xForeign relations. _9129595 |
|
| 710 | 2 |
_aIndian in World Affairs. _9129596 |
|
| 830 | 0 |
_aIndia in world affairs ; _v1. _9183624 |
|
| 942 |
_2ddc _cBK |
||
| 999 |
_c42140 _d42140 |
||